01466nam a2200337 a 4500001001000000003000500010005001700015008004100032010001100073011001100084040000900095090001000104100003600114245014200150260004100292500006000333502008300393590004100476590004000517590004000557650005000597650005900647650003400706856007000740901000700810942001000817942000600827999001900833952013600852952014000988000113105CHAP20220329144338.0170424s2016 mx sm |||||||spa d a109566 a110538 cCHAP aTesis00aCruz Hernández, Sergio92943913aEl agroecosistema cafetalero como vía de supervivencia campesina en la Sierra Sur de Oaxacah[En línea]cpor Sergio Cruz Hernández. aChapingo, Méx. :bEl autor,c2016. aPara ver el contenido del material haga clic en la liga aTesis (M.C. en Sociología Rural) -- UACH. Departamento de Sociología Rural aE11695DGDb10c20170425lUCH01h1216 aE5765TAJb05c20170424lUCH01h0900 aE5765TAJb05c20170424lUCH01h090014aCaféxAspectos económicosxOaxaca.91710514aCafeticultoresxAspectos económicoszOaxaca.913198214aEcología agrícola.935165 aFinding aiduhttp://10.13.5.2/tesis/sist113105.pdfzTeclea aquí aBK cTESIS n0 c109566d109566 00104054718TESISaBCbBCd2017-04-24fTESISl0oTesisp33724002527868r2019-12-31 00:00:00w2019-12-31yTESISzRecien adquirido 00102local4053708TESISaBCbBCcPA_TESISd2017-04-24fTESISl0oTesisp33724002527900r2019-12-31 00:00:00tc.2w2019-12-31yTESIS